| 000 | 00322cam a2200121ua 4500 | ||
|---|---|---|---|
| 082 |
_a420.7 _bSCH/EN |
||
| 100 |
_aSchlauch, Margraret . _91555 |
||
| 245 | _aThe English language in Modern Times (Since 1400) | ||
| 250 | _a1 / | ||
| 260 |
_aLondon _bPolish Scientific Publishers , _c1964. |
||
| 300 | _a316 ; . | ||
| 942 | _cREF | ||
| 999 |
_c7770 _d7770 |
||